The great global infrastructure opportunity (Record no. 113254)
[ view plain ]
| 000 -LEADER | |
|---|---|
| fixed length control field | 01477cad a22002295a 4500 |
| 001 - CONTROL NUMBER | |
| control field | L154948 |
| 008 - FIXED-LENGTH DATA ELEMENTS--GENERAL INFORMATION | |
| fixed length control field | 120208s2012 xxk f 000 0 eng d |
| 035 ## - SYSTEM CONTROL NUMBER | |
| System control number | (Sirsi) u154948 |
| 041 0# - LANGUAGE CODE | |
| Language code of text/sound track or separate title | eng |
| 110 2# - MAIN ENTRY--CORPORATE NAME | |
| Corporate name or jurisdiction name as entry element | KPMG International |
| 9 (RLIN) | 5143 |
| 245 04 - TITLE STATEMENT | |
| Title | The great global infrastructure opportunity |
| Remainder of title | global construction survey 2012 |
| Medium | [electronic resource] |
| 260 ## - PUBLICATION, DISTRIBUTION, ETC. | |
| Place of publication, distribution, etc. | [S.l.] |
| Name of publisher, distributor, etc. | KPMG |
| Date of publication, distribution, etc. | 2012 |
| 505 2# - FORMATTED CONTENTS NOTE | |
| Formatted contents note | Executive summary -- Opportunities and threats: the great energy and infrastructure opportunity -- Performance and future expectations: optimism in the midst of uncertainty -- Efficiency: building better practices -- Risk management: coping with risk in a changing world -- Looking forward: the engineering and construction company of the future -- About the survey |
| 520 ## - SUMMARY, ETC. | |
| Summary, etc. | The results of the latest KPMG global construction survey illustrate that one constant in the uncertain climate for the engineering and construction industry is the insatiable demand for infrastructure in all forms which is causing a fundamental shift in focus for nearly all players in the sector across the world. |
| 590 ## - LOCAL NOTE (RLIN) | |
| Local note | KA NTK |
| 651 #4 - SUBJECT ADDED ENTRY--GEOGRAPHIC NAME | |
| Geographic name | International |
| 690 ## - LOCAL SUBJECT ADDED ENTRY--TOPICAL TERM (OCLC, RLIN) | |
| Topical term or geographic name as entry element | Construction management |
| 9 (RLIN) | 6230 |
| 690 ## - LOCAL SUBJECT ADDED ENTRY--TOPICAL TERM (OCLC, RLIN) | |
| Topical term or geographic name as entry element | Infrastructure |
| 9 (RLIN) | 6246 |
| 690 ## - LOCAL SUBJECT ADDED ENTRY--TOPICAL TERM (OCLC, RLIN) | |
| Topical term or geographic name as entry element | Energy |
| 9 (RLIN) | 6237 |
| 856 40 - ELECTRONIC LOCATION AND ACCESS | |
| Uniform Resource Identifier | <a href="https://www.kpmg.com/Global/en/IssuesAndInsights/ArticlesPublications/global-construction-survey-2012/Documents/infrastructure-opportunity.pdf">https://www.kpmg.com/Global/en/IssuesAndInsights/ArticlesPublications/global-construction-survey-2012/Documents/infrastructure-opportunity.pdf</a> |
| Public note | View this item free of charge at www.kpmg.com |
| 942 ## - ADDED ENTRY ELEMENTS (KOHA) | |
| Suppress in OPAC | 0 |
| Withdrawn status | Lost status | Source of classification or shelving scheme | Damaged status | Not for loan | Home library | Current library | Shelving location | Date acquired | Total Checkouts | Full call number | Barcode | Date last seen | Copy number | Price effective from | Koha item type |
|---|---|---|---|---|---|---|---|---|---|---|---|---|---|---|---|
| Dewey Decimal Classification | Virtual | Virtual | Online | 08/02/2012 | ONLINE PUBLICATION | 154948-2001 | 06/08/2019 | 1 | 06/08/2019 | Book |